[Event "Titled Tuesday intern op 23rd Apr Late"]
[Site "Chess.com INT"]
[Date "2024.04.23"]
[Round "5"]
[White "Palencia Morales, Wilson Guillermo"]
[Black "Papp, Bence"]
[Result "1-0"]
[WhiteElo "2188"]
[BlackElo "2278"]
[PlyCount "107"]
[EventDate "2024.04.23"]
[EventType "swiss (blitz)"]
[EventRounds "11"]
[EventCountry "USA"]
[SourceTitle "CB18_2024"]
[SourceDate "2024.05.01"]
[SourceVersion "1"]
[SourceVersionDate "2024.05.01"]
[SourceQuality "2"]

1. d4 Nf6 2. c4 e6 3. Nf3 d5 4. Nc3 c5 5. cxd5 Nxd5 6. e4 Nxc3 7. bxc3 cxd4 8. cxd4 Bb4+ 9. Bd2 Bxd2+ 10. Qxd2 Nd7 11. Bb5 0-0 12. 0-0 Nf6 13. Rfe1 Bd7 14. Bd3 Bc6 15. Rad1 h6 16. Ne5 Ba4 17. Bc2 Bxc2 18. Qxc2 Rc8 19. Qb3 Qa5 20. Nf3 Rc3 21. Qxb7 Qxa2 22. Ra1 Qc2 23. Rxa7 Rb3 24. Qc7 Rc3 25. Qa5 Ng4 26. Rf1 Rfc8 27. h3 Nf6 28. e5 Nd5 29. Qa2 Qf5 30. Ra8 Kh7 31. Rxc8 Rxc8 32. Qb1 Rc2 33. Rc1 Rxc1+ 34. Qxc1 Nf4 35. Qe3 g5 36. Kh2 Qb1 37. Ng1 Qf1 38. Qf3 Qa1 39. g3 Ng6 40. Qxf7+ Kh8 41. Qxg6 Qxd4 42. Qxh6+ Kg8 43. Qxe6+ Kg7 44. Qf6+ Kh7 45. Qf5+ Kh6 46. Kg2 Qd5+ 47. Nf3 Kg7 48. Qxg5+ Kf8 49. Qf6+ Ke8 50. e6 Qc6 51. Qf7+ Kd8 52. Qd7+ Qxd7 53. exd7 Kxd7 54. h4 1-0

[Event "Titled Tuesday intern op 23rd Apr Late"]
[Site "Chess.com INT"]
[Date "2024.04.23"]
[Round "8"]
[White "Palencia Morales, Wilson Guillermo"]
[Black "Perestjuk, Marko"]
[Result "0-1"]
[WhiteElo "2188"]
[BlackElo "2171"]
[PlyCount "54"]
[EventDate "2024.04.23"]
[EventType "swiss (blitz)"]
[EventRounds "11"]
[EventCountry "USA"]
[SourceTitle "CB18_2024"]
[SourceDate "2024.05.01"]
[SourceVersion "1"]
[SourceVersionDate "2024.05.01"]
[SourceQuality "2"]

1. d4 c6 2. Nf3 d6 3. c4 Nd7 4. Nc3 Ngf6 5. g3 g6 6. Bg2 Bg7 7. 0-0 0-0 8. e4 e5 9. d5 Qc7 10. h3 a5 11. Ne1 Nc5 12. Be3 Nfd7 13. Nd3 Nxd3 14. Qxd3 f5 15. dxc6 bxc6 16. Rad1 f4 17. Bc1 Rf6 18. Nd5 cxd5 19. Qxd5+ Kh8 20. Qxa8 Nc5 21. g4 h5 22. Bf3 Kh7 23. g5 Bb7 24. Qa7 Rf8 25. Bd2 Ra8 26. Qxa8 Bxa8 27. Rfe1 Qb6 0-1

[Event "Titled Tuesday intern op 16th Apr Late"]
[Site "Chess.com INT"]
[Date "2024.04.16"]
[Round "2"]
[White "Valiyev, Shahin"]
[Black "Palencia Morales, Wilson Guillermo"]
[Result "1-0"]
[WhiteElo "2244"]
[BlackElo "2188"]
[PlyCount "155"]
[EventDate "2024.04.16"]
[EventType "swiss (blitz)"]
[EventRounds "11"]
[EventCountry "USA"]
[SourceTitle "CB17_2024"]
[SourceDate "2024.04.24"]
[SourceVersion "1"]
[SourceVersionDate "2024.04.24"]
[SourceQuality "1"]

1. e4 c5 2. b3 d6 3. Bb2 Nd7 4. Nf3 Ngf6 5. e5 dxe5 6. Nxe5 a6 7. a4 e6 8. Na3 Bd6 9. Nac4 Bc7 10. a5 0-0 11. Bd3 Nxe5 12. Bxe5 Bxe5 13. Nxe5 Qd5 14. Qe2 Qxg2 15. 0-0-0 Qd5 16. Rhg1 Qd4 17. Kb1 Qf4 18. Rg3 Rd8 19. Rdg1 g6 20. Rf3 Qh4 21. Qe3 Rd4 22. c3 Nd5 23. Qe1 Rf4 24. Rfg3 Ne7 25. Qe3 c4 26. Nxc4 Nd5 27. Qc5 Bd7 28. Qd6 Be8 29. Nb6 Rd8 30. Qc5 Nxb6 31. Qxb6 Qe7 32. Qe3 Rf6 33. b4 Qd6 34. h4 Kf8 35. h5 Qf4 36. hxg6 hxg6 37. Qe2 Qd6 38. Qe3 Bb5 39. Qh6+ Ke7 40. Bxb5 axb5 41. d4 Qd5 42. Qh4 Qf5+ 43. Kb2 Qf4 44. Qxf4 Rxf4 45. R1g2 Rd5 46. Kc2 Rdf5 47. Kd3 Rxf2 48. Rxf2 Rxf2 49. d5 exd5 50. Kd4 Kd6 51. Rh3 Rf4+ 52. Ke3 Rc4 53. Kd3 Rf4 54. Rh8 g5 55. Rd8+ Kc6 56. Rc8+ Kd7 57. Rc5 Rf5 58. Rxb5 g4 59. Rxb7+ Kc6 60. Rb8 Kc7 61. Rg8 Rf4 62. b5 f5 63. Rg7+ Kc8 64. a6 Ra4 65. Kc2 Ra5 66. Rb7 g3 67. Kb3 f4 68. Kb4 Ra1 69. Rg7 d4 70. Kc5 dxc3 71. Kc6 Kd8 72. a7 g2 73. Rxg2 Rxa7 74. Rg8+ Ke7 75. Rg7+ Kf6 76. Rxa7 f3 77. Ra1 Ke5 78. b6 1-0

[Event "Titled Tuesday intern op 02nd Apr Early"]
[Site "Chess.com INT"]
[Date "2024.04.02"]
[Round "7"]
[White "Balla, Tamas Kristof"]
[Black "Palencia Morales, Wilson Guillermo"]
[Result "1-0"]
[WhiteElo "2291"]
[BlackElo "2188"]
[PlyCount "47"]
[EventDate "2024.04.02"]
[EventType "swiss (blitz)"]
[EventRounds "11"]
[EventCountry "USA"]
[SourceTitle "CB15_2024"]
[SourceDate "2024.04.10"]
[SourceVersion "1"]
[SourceVersionDate "2024.04.10"]
[SourceQuality "1"]

1. Nf3 c5 2. b3 Nc6 3. Bb2 e6 4. e3 Nf6 5. c4 b6 6. Be2 Bb7 7. 0-0 Be7 8. d4 cxd4 9. exd4 0-0 10. d5 exd5 11. cxd5 Nb4 12. d6 Bxd6 13. Qxd6 Nc2 14. Rd1 Re8 15. Bc4 Nxa1 16. Bxa1 Bxf3 17. gxf3 Nh5 18. Qxd7 Qg5+ 19. Qg4 Qa5 20. Bc3 Qc5 21. b4 Qc6 22. Bd5 Qa4 23. Bb3 Qb5 24. a4 1-0

[Event "Titled Tuesday intern op 02nd Apr Early"]
[Site "Chess.com INT"]
[Date "2024.04.02"]
[Round "9"]
[White "Burmakin, Evgeniy"]
[Black "Palencia Morales, Wilson Guillermo"]
[Result "0-1"]
[WhiteElo "2166"]
[BlackElo "2188"]
[PlyCount "188"]
[EventDate "2024.04.02"]
[EventType "swiss (blitz)"]
[EventRounds "11"]
[EventCountry "USA"]
[SourceTitle "CB15_2024"]
[SourceDate "2024.04.10"]
[SourceVersion "1"]
[SourceVersionDate "2024.04.10"]
[SourceQuality "1"]

1. e4 c5 2. Nc3 Nc6 3. Bb5 Nd4 4. Bc4 g6 5. Nf3 Bg7 6. Nxd4 cxd4 7. Qf3 Nh6 8. Ne2 0-0 9. d3 Ng4 10. Bb3 d6 11. h3 Ne5 12. Qg3 a5 13. a4 Qb6 14. 0-0 Kh8 15. f4 Nc6 16. f5 Ne5 17. Bg5 f6 18. Bd2 gxf5 19. exf5 Bd7 20. Rf4 Bh6 21. Raf1 Rg8 22. Qh4 Bg5 23. Qf2 Rg7 24. Ng3 Bxf4 25. Bxf4 Bc6 26. Bh6 Rag8 27. Bxg7+ Rxg7 28. Kh2 Rg5 29. Rg1 Qc5 30. Ne2 Rxf5 31. Qxf5 Nf3+ 32. Qxf3 Bxf3 33. gxf3 Qe5+ 34. Kh1 e6 35. Ng3 d5 36. Kg2 Qf4 37. Rf1 h6 38. Re1 e5 39. Bxd5 Qd2+ 40. Re2 Qc1 41. b3 Kh7 42. Be4+ Kg7 43. Nf5+ Kf8 44. Kh2 Qf4+ 45. Kg1 h5 46. Rg2 Ke8 47. Rg8+ Kd7 48. Rg7+ Kd8 49. Rxb7 Qc1+ 50. Kg2 Qxc2+ 51. Kg3 Qd2 52. h4 Qf4+ 53. Kf2 Qd2+ 54. Kg3 Qe1+ 55. Kg2 Qe2+ 56. Kg3 Kc8 57. Rf7 Qe1+ 58. Kg2 Qe2+ 59. Kg3 Qe1+ 60. Kg2 Qd2+ 61. Kg3 Qf4+ 62. Kf2 Qh2+ 63. Kf1 Qb2 64. Rxf6 Qxb3 65. Re6 Qxe6 66. Ng7 Qh3+ 67. Ke2 Qxh4 68. Nf5 Qh2+ 69. Ke1 Qf4 70. Nd6+ Kc7 71. Nf5 Qc1+ 72. Kf2 Qb2+ 73. Kg3 Qa1 74. Kh4 Qxa4 75. Kxh5 Qe8+ 76. Kg5 a4 77. Kf6 a3 78. Bd5 Qd8+ 79. Kxe5 Qxd5+ 80. Kxd5 a2 81. Nxd4 a1Q 82. f4 Qa5+ 83. Ke4 Kd6 84. Nf3 Qd5+ 85. Ke3 Ke6 86. Ne5 Kf5 87. Nf3 Qc5+ 88. Nd4+ Kf6 89. Ke4 Qc1 90. Nf3 Qc2 91. Ne5 Qe2+ 92. Kd4 Kf5 93. Nc4 Qf2+ 94. Kc3 Qc5 0-1

[Event "Titled Tuesday intern op 12th Mar Late"]
[Site "Chess.com INT"]
[Date "2024.03.12"]
[Round "10"]
[White "Bryakin, Mikhail"]
[Black "Palencia Morales, Wilson Guillermo"]
[Result "0-1"]
[WhiteElo "2461"]
[BlackElo "2180"]
[PlyCount "102"]
[EventDate "2024.03.12"]
[EventType "swiss (blitz)"]
[EventRounds "11"]
[EventCountry "USA"]
[SourceTitle "CB12_2024"]
[SourceDate "2023.10.01"]
[SourceVersion "1"]
[SourceVersionDate "2023.10.01"]
[SourceQuality "1"]

1. e4 c5 2. d4 cxd4 3. Qxd4 Nc6 4. Qd3 g6 5. Nc3 Bg7 6. Nf3 d6 7. Be2 Nf6 8. 0-0 0-0 9. Nd5 Bg4 10. c3 Bxf3 11. Qxf3 Ne5 12. Qe3 Ned7 13. Nf4 Qb6 14. Qxb6 Nxb6 15. f3 Nfd7 16. Rd1 Rfc8 17. Nd5 Nxd5 18. Rxd5 Nb6 19. Rd1 a5 20. a4 Nc4 21. Rb1 Ne5 22. Be3 Nc4 23. Bd4 Bxd4+ 24. cxd4 Nb6 25. b3 Rc3 26. Rdc1 Rac8 27. Rxc3 Rxc3 28. Kf2 e5 29. dxe5 dxe5 30. Ke1 Kf8 31. Kd2 Rc7 32. Bb5 Ke7 33. h4 h5 34. b4 axb4 35. Rxb4 Nc8 36. Bd3 Nd6 37. Rb3 f5 38. exf5 gxf5 39. Rc3 Rxc3 40. Kxc3 b6 41. Be2 Ke6 42. Bc4+ Kf6 43. Bd5 f4 44. Kb4 Kf5 45. Bc6 Kf6 46. Be4 Kf7 47. Bd3 Kf6 48. Kc3 Ke6 49. Bg6 Nf5 50. Kb4 Nxh4 51. Bxh5 Kd6 0-1

[Event "Titled Tuesday intern op 12th Mar Early"]
[Site "Chess.com INT"]
[Date "2024.03.12"]
[Round "1"]
[White "Gazineu Neto, Rubens"]
[Black "Palencia Morales, Wilson Guillermo"]
[Result "0-1"]
[WhiteElo "1951"]
[BlackElo "2180"]
[PlyCount "58"]
[EventDate "2024.03.12"]
[EventType "swiss (blitz)"]
[EventRounds "11"]
[EventCountry "USA"]
[SourceTitle "CB12_2024"]
[SourceDate "2023.10.01"]
[SourceVersion "1"]
[SourceVersionDate "2023.10.01"]
[SourceQuality "1"]

1. e4 c5 2. Nf3 d6 3. d4 cxd4 4. Nxd4 Nf6 5. Nc3 g6 6. Be3 Bg7 7. f3 Nc6 8. Qd2 0-0 9. Bc4 Ne5 10. Bb3 Bd7 11. h4 h5 12. 0-0-0 Rc8 13. Bg5 Rc5 14. Rhe1 Qc8 15. Bxf6 Bxf6 16. Nd5 Bxh4 17. g3 Rxd5 18. gxh4 Rxd4 19. Qxd4 Nxf3 20. Qxa7 Nxe1 21. Rxe1 Bc6 22. Rg1 Bxe4 23. Qe3 d5 24. c3 Qf5 25. Rg5 Qf1+ 26. Kd2 e6 27. c4 Rd8 28. c5 Qb1 29. Qc3 d4 0-1

[Event "Titled Tuesday intern op 12th Mar Early"]
[Site "Chess.com INT"]
[Date "2024.03.12"]
[Round "5"]
[White "Palencia Morales, Wilson Guillermo"]
[Black "Christiansen, Johan Sebastian"]
[Result "1/2-1/2"]
[WhiteElo "2180"]
[BlackElo "2633"]
[PlyCount "144"]
[EventDate "2024.03.12"]
[EventType "swiss (blitz)"]
[EventRounds "11"]
[EventCountry "USA"]
[SourceTitle "CB12_2024"]
[SourceDate "2023.10.01"]
[SourceVersion "1"]
[SourceVersionDate "2023.10.01"]
[SourceQuality "1"]

1. d4 Nf6 2. Nf3 c5 3. d5 b5 4. a4 b4 5. c4 g6 6. Qc2 Bg7 7. e4 0-0 8. e5 Ng4 9. Bf4 d6 10. exd6 exd6 11. Be2 Bf5 12. Qd2 Re8 13. 0-0 Nf6 14. Re1 Ne4 15. Qc1 Nd7 16. h3 Qf6 17. g4 Qxb2 18. Qxb2 Bxb2 19. Ra2 Bc3 20. gxf5 Bxe1 21. Nxe1 Nc3 22. Nxc3 bxc3 23. Bxd6 Ne5 24. fxg6 Nxc4 25. Bxc4 Rxe1+ 26. Kg2 hxg6 27. Rc2 Ra1 28. Bb5 Rd8 29. Bxc5 Rxd5 30. Rxc3 a6 31. Bc6 Rg5+ 32. Kf3 Rf5+ 33. Ke3 Re1+ 34. Kd2 Ra1 35. Bb6 Ra2+ 36. Kd3 Rh5 37. Kc4 Rb2 38. a5 Rh4+ 39. Kd5 Rd2+ 40. Ke5 Re2+ 41. Kd6 Re6+ 42. Kc7 Re7+ 43. Kb8 Kg7 44. Bb7 Rh8+ 45. Ka7 g5 46. Rc6 f6 47. Bd4 Rf7 48. Rc3 Kg6 49. Kxa6 Rb8 50. Be4+ f5 51. Rc6+ Kh5 52. Bf3+ g4 53. hxg4+ fxg4 54. Bd5 Rd7 55. Rc5 Kh4 56. Be5 Rbd8 57. Bg3+ Kh3 58. Bc6 Rh7 59. Kb6 Rh6 60. a6 Rd1 61. a7 Rb1+ 62. Rb5 Ra1 63. Kb7 Rh7+ 64. Bc7 Rxa7+ 65. Kxa7 Rxc7+ 66. Kb6 Rf7 67. Bd5 Rxf2 68. Be6 Rf4 69. Rh5+ Kg3 70. Rg5 Kf3 71. Bxg4+ Rxg4 72. Rxg4 Kxg4 1/2-1/2

[Event "Titled Tuesday intern op 12th Mar Early"]
[Site "Chess.com INT"]
[Date "2024.03.12"]
[Round "8"]
[White "Palencia Morales, Wilson Guillermo"]
[Black "Melillo, Lucius"]
[Result "1-0"]
[WhiteElo "2180"]
[BlackElo "2274"]
[PlyCount "57"]
[EventDate "2024.03.12"]
[EventType "swiss (blitz)"]
[EventRounds "11"]
[EventCountry "USA"]
[SourceTitle "CB12_2024"]
[SourceDate "2023.10.01"]
[SourceVersion "1"]
[SourceVersionDate "2023.10.01"]
[SourceQuality "1"]

1. d4 d5 2. c4 e6 3. Nf3 a6 4. cxd5 exd5 5. Nc3 c6 6. Bg5 Be7 7. Bxe7 Nxe7 8. Qc2 0-0 9. e3 Bf5 10. Qb3 Qc8 11. h3 Nd7 12. Be2 Nf6 13. Ne5 Ng6 14. Na4 Qc7 15. g4 Be6 16. f4 Nxe5 17. dxe5 Ne4 18. Bf3 f5 19. Bxe4 fxe4 20. 0-0-0 Bf7 21. Qb6 Qxb6 22. Nxb6 Rad8 23. f5 g6 24. Rdf1 Be8 25. e6 Rf6 26. Rhg1 Kg7 27. h4 c5 28. h5 Rd6 29. Nc8 1-0

[Event "Titled Tuesday intern op 12th Mar Late"]
[Site "Chess.com INT"]
[Date "2024.03.12"]
[Round "8"]
[White "Palencia Morales, Wilson Guillermo"]
[Black "Rose, Felix"]
[Result "1-0"]
[WhiteElo "2180"]
[BlackElo "2091"]
[PlyCount "69"]
[EventDate "2024.03.12"]
[EventType "swiss (blitz)"]
[EventRounds "11"]
[EventCountry "USA"]
[SourceTitle "CB12_2024"]
[SourceDate "2023.10.01"]
[SourceVersion "1"]
[SourceVersionDate "2023.10.01"]
[SourceQuality "1"]

1. d4 d5 2. c4 e6 3. Nf3 Nf6 4. Nc3 Be7 5. Bg5 Nbd7 6. e3 h6 7. Bh4 0-0 8. Qc2 c5 9. dxc5 Nxc5 10. cxd5 Nxd5 11. Nxd5 exd5 12. Bxe7 Qxe7 13. Be2 Bg4 14. 0-0 Rac8 15. h3 Ne6 16. Qd2 Bxf3 17. Bxf3 Rfd8 18. Bxd5 Nc7 19. e4 Qxe4 20. Bxe4 Rxd2 21. Rac1 Re8 22. Bxb7 Ne6 23. Rb1 Rb8 24. Ba6 Rbxb2 25. Rxb2 Rxb2 26. Bc4 Nd4 27. Rd1 Ne2+ 28. Kh2 Nc3 29. Rd8+ Kh7 30. Rd7 f5 31. Rxa7 Rxf2 32. Bd3 Nxa2 33. Kg1 Rd2 34. Bxf5+ Kg8 35. Rxa2 1-0